000 00423nam a2200145Ia 4500
008 240729s9999 xx 000 0 und d
022 _a1424-3997
245 0 _aSwiss Medical Weekly
260 _aSwitzerland
260 _bSMW supporting association (Trägerverein Swiss Medical Weekly SMW)
650 _aMedicine
856 _uhttps://doaj.org/toc/46fd7fe00e24473cb2eca582b5af2ff1
942 _2ddc
942 _cDOAJEJ
999 _c68324
_d68324
945 _a1
_bMadushi Gamage
_c1
_dMadushi Gamage